00468nam a2200181Ia 4500003000400000005001700004008004100021020001500062040001800077041000800095082002100103100002100124245005500145250001200200260003900212300002400251650001100275OSt20250110103539.0210716s1976 xx 000 0 und d a0449232913 cAIMIT LIBRARY aeng a808.83 21bKEMH aKemelman, Harry. aWednessday the rabbi got wet /cBy Harry Kemelman. a1st ed. aNew York :bFawcett Books ;c1976. a288p. ;bPBc18 cm. aNovels